000 01113nam a22002777a 4500
999 _c118034
_d118034
003 dpl
005 20181128151231.0
008 181128b ||||| |||| 00| 0 eng d
010 _aB-138161
020 _c150.00
_a8181600398
035 _aB-138161
037 _bCen Lib/Ret
040 _aDPL
_bHN
_c0
082 _a821
_bमुदलि
100 _aमुदलियार, प्रतिभा
_940
245 _aहाशिए पर :
_cप्रतिभा मुदलियार
_bकविता संग्रह /
246 _aHanshiye per : kavita sangrah /
_bby Pratibha Mudliar
260 _aनयी दिल्ली
_bसार्थक प्रकाशन
_c2005
270 _a100ए गौतम नगर
_bनयी दिल्ली
_e110049
300 _a110पृ.
_c21सेमी (सजिल्द)
650 _aसाहित्य--कविता
_978047
650 _aहिन्दी कविताएं
_978048
650 _aLiterature--Poem
_978049
650 _aHindi poems
_978050
942 _2ddc
_cHN
_h821
_mमुदलि